00457nam a2200145 i 450000100060000000300090000600500170001500700030003200800410003510000340007624501010011026000540021150200200026585200260028594304ES-MaACL20230906181439.0t|050427s1903 sp ||||1| spa d1 aLópez del Vallado, Félix.13aEl origen formal de la sociedad según la escuela b: tesis doctoral / cFelix López Vallado. aBilbao : b[s.n.], c1903 (fImp.del C. de Jesus) aTesis doctoral. aES-MaACLjT-1062-F-13